000 01282nam a2200337 i 4500
003 EG-GICUC
005 20260121101518.0
008 251217s1936 fr ||||fr|||| 000 0 fre d
040 _aEG-GiCUC
_bfre
_cEG-GiCUC
_dEG-GiCUC
_eRda
041 _afre
082 0 4 _221
_a341.84
_bDE . E
092 0 4 _221
099 _aLaw1 12 341.84 1936
100 1 _aDepitre, Marthe,
_eAuteur
245 1 0 _aEssai Sur Le Système Anglais De Conflits De Lois en Matière De Successions /
_cpar Marthe Depitre,.
264 1 _aParis :
_bA. Rousseau,
_c1936.
300 _a166 pages ;
_c24 cm.
336 _2rda contenu
_a texte
337 _2rda medias
_aOrdinateur
338 _2 transporteur rda
_a Ressource en ligne
490 0 _vCollection d'études théoriques & pratiques de droit étranger, de droit comparé & de droit international, L-XXI.
500 _aPublications de l'institut de droit comparé de l'université de Paris.
504 _aInclude Bibliography: pages 154-160. And Bibliographic references
546 _aTexte en français
650 1 4 _aConflit de lois
_xDroit international privé
650 1 4 _aHéritage et succession
651 1 _2qrmak
856 4 0 _uhttps://fll.law.cu.edu.eg/fulltext/bks/B12-01632.pdf
905 _a75
_eHassnaa
942 _2ddc
_n0
_cBK
_e21
999 _c51284
_d51284